Moedas Mundiais - Statistics

Estatísticas Gerais
  • Esse quiz foi jogado 203 vezes
  • A pontuação média é 20 de 81
Estatísticas das Respostas
Paises Moeda % Correto
Australia, Barbados, Bahhamas, Belize, Borneu, Canada, Fiji, Guiana, Hong Kong, Jamaica, Liberia, Ilhas Salomao, Namibia, Nauru, Nova Zelandia, Quiribati, Singapura, Suriname,Trindade e Tobago, Tuvalu Dolar
93%
El Salvador, Equador, Estados Unidos, Ilhas Marshall, Micronesia, Palau, Timor Leste Dolar USD
93%
Alemanha, Andorra, Austria, Belgica, Chipre, Eslovaquia, Eslovenia, Espanha, Estonia, Finladia, Franca, Grecia, Holanda, Irlanda, Italai, Kosovo, Letonia, Lituania, Luxemburgo, Malta, Monaco, Montenegro, Portugal, San Marino, Vaticano Euro
91%
Brasil Real
84%
Argentina, Chile, Colombia, Cuba, Filipinas, Mexico, Rep. Dominicana, Uruguai Peso
83%
Egipto, Gibraltar, Libano, Malvinas, St Helena, Siria, Sudao, Sudao do Sul, Ascencao Libra
69%
Reino Unido Libra Esterlina GBP
69%
Japao Iene
58%
Burundi, Comoros, Djibuti, Guine-Conacri, Liechtenstein, RD Congo, Ruanda, Suica Franco
50%
Benin, Burkina Faso, Costa do Marfim, Guine-Bissau, Mali, Niger, Senegal, Togo Franco CFA BCEAO
50%
Camaraoes, Chade, Gabao, Guine Equatorial, Rep. Cenatro-Africana, Rep. Congo Franco CFA BEAC
50%
Nova Caledonia, Polinesia Francesa, Wallis & Furtuna Franco CFP
50%
Dinamarca, Islandia, Noruega, Rep. Checa, Suecia Coroa
44%
Bielorrussia, Russia Rublo
44%
Venezuela Bolivar
43%
Argelia, Bahrein, Iraque, Jordania, Kuweit, Libia, Macedonia, Servia, Tunisia Dinar
38%
India, Indonesia, Maldivas, Mauricia, Nepal, Paquistao, Seychelles, Sri Lanka Rupia
35%
Arabia Saudita, Iemen, Irao, Oma, Quatar Rial
32%
Cabo Verde Escudo
31%
Chipre do Norte, Turquia Lira
28%
Bolivia Boliviano
26%
Coreia do Norte, Coreia do Sul Won
26%
Afeganistao Afegani
23%
Aruba, Curacao, Hungria, St Martin Florim
22%
Angola Kwanza
22%
Panama Balboa
21%
Etiopia Birr
21%
Bosnia e Herzegovina Marco
21%
Costa Rica Colon
19%
Moldavia, Romenia Leu
19%
Africa do Sul Rand
19%
China Iuane
18%
Tailandia Bath
17%
Malawi, Zambia Kwacha
17%
Albania Lek
17%
Madagascar Ariari
16%
Sao Tome e Principe Dobra
16%
Armeniia Dram
16%
Bulgaria Lev
16%
Quirguistao, Usbequistao Som
16%
Quenia, Somalia, Tanzania, Uganda Xelim
16%
Nicaragua Cordoba
15%
Botswana, Zimbabwe Pula
15%
Gana Cedi
14%
Vietname Dongue
14%
Mocambique Metical
14%
Peru Novo Sol
14%
Guatemala Quetzal
14%
Cambodja Riel
14%
Gambia Dalasi
13%
Croacia Kuna
13%
Georgia Lari
13%
Polonia Zloti
13%
Haiti Gurde
12%
Papua Nova-Guine Kina
12%
Laos Kipe Lau
12%
Honduras Lempira
12%
Serra Leoa Leone
12%
Lesoto Loti
12%
Azerbaijao, Turquemenistao Manat
11%
Nigeria Naira
11%
Tonga Pa'anga
11%
Emiratos Arabes Unidos, Marrocos Dirame
10%
Ucrania Grivinia
10%
Myanamar Kyat
10%
Suazilandia Lilangeni
10%
Tajiquistao Somoni
10%
Bangladesh Taka
10%
Eritreia Nakfa
9%
Butao Ngultrum
9%
Macau Pataca
9%
Malasia Ringuite
9%
Cazaquistao Tengue
9%
Vanuatu Vatu
9%
Taiwan Novo Dolar
8%
Samoa Tala
8%
Mongolia Tugrik
8%
Mauritania Uguia
6%
Antigua e Barbuda, Dominica, Granada, St Lucia, Sao Cristovao e Neves, Sao Vicente e as Granadinas Dolar Caraibas Ocidentais XCD
5%
Israel Novo Siclo
5%
Paraguai Guarania
3%
Nenhum quiz correspondente encontrado
Distribuição das Pontuações
Porcentagem de Pessoas com Cada Pontuação
Percentil de Números Respondidos
Sua Pontuação Histórica
Você não jogou esse quiz